Países mais próximos de Benin - Corrida de um minuto - Statistics

Estatísticas Gerais
  • Esse quiz foi jogado 26 vezes
  • A pontuação média é 13 de 20
Estatísticas das Respostas
km país % Correto
0 Níger
92%
0 Togo
92%
43 Gana
84%
0 Nigéria
84%
0 Burkina Faso
72%
947 Guiné
72%
668 Camarões
68%
315 Côte d'Ivoire
68%
326 Mali
68%
1340 Senegal
68%
1114 Chade
64%
997 Libéria
64%
1232 Serra Leoa
60%
857 Mauritânia
56%
733 Argélia
48%
1261 Congo
48%
969 Gabão
44%
720 Guiné Equatorial
44%
1291 República Centro-Africana
36%
735 São Tomé e Príncipe
32%
Nenhum quiz correspondente encontrado
Distribuição das Pontuações
Porcentagem de Pessoas com Cada Pontuação
Percentil de Números Respondidos
Sua Pontuação Histórica
Você não jogou esse quiz